| 000 | 00365nam a22001457a 4500 | ||
|---|---|---|---|
| 020 | _qHB. | ||
| 040 | _cFIZZA ISHAQ | ||
| 082 |
_a006.31 _bRIC |
||
| 100 |
_aG, ANDREW SUTTON S. RICHARD. _989205 |
||
| 245 |
_aRAIN FORCEMENT LEARING / _cG, ANDREW SUTTON S. RICHARD. |
||
| 250 | _a2nd ED. | ||
| 260 |
_b A Bradford _c2018. |
||
| 300 | _a526 P. ; | ||
| 942 |
_2ddc _cBK |
||
| 999 |
_c588018 _d588018 |
||